An introduction to comets (Record no. 36109)
[ view plain ]
| 000 -LEADER | |
|---|---|
| fixed length control field | 00503 a2200181 4500 |
| 003 - CONTROL NUMBER IDENTIFIER | |
| control field | IN-BaIIA |
| 005 - DATE AND TIME OF LATEST TRANSACTION | |
| control field | 20250829140858.0 |
| 008 - FIXED-LENGTH DATA ELEMENTS--GENERAL INFORMATION | |
| fixed length control field | 250829b |||||||| |||| 00| 0 eng d |
| 020 ## - INTERNATIONAL STANDARD BOOK NUMBER | |
| International Standard Book Number | 978-3-030-50576-9 |
| 040 ## - CATALOGING SOURCE | |
| Transcribing agency | IIA Library |
| 080 ## - UNIVERSAL DECIMAL CLASSIFICATION NUMBER | |
| Universal Decimal Classification number | 523.64 |
| Item number | THO |
| 100 ## - MAIN ENTRY--PERSONAL NAME | |
| Personal name | Thomas, Nicolas |
| 9 (RLIN) | 49270 |
| 245 ## - TITLE STATEMENT | |
| Title | An introduction to comets |
| Remainder of title | post - rosetta perspectives |
| Statement of responsibility, etc. | Nicolas Thomas |
| 260 ## - PUBLICATION, DISTRIBUTION, ETC. | |
| Name of publisher, distributor, etc. | Springer |
| Date of publication, distribution, etc. | 2020 |
| Place of publication, distribution, etc. | Switzerland |
| 300 ## - PHYSICAL DESCRIPTION | |
| Extent | xli, 503p. |
| 500 ## - GENERAL NOTE | |
| General note | index given; ill. |
| 942 ## - ADDED ENTRY ELEMENTS (KOHA) | |
| Source of classification or shelving scheme | Dewey Decimal Classification |
| Koha item type | Books |
| Withdrawn status | Lost status | Source of classification or shelving scheme | Damaged status | Not for loan | Home library | Current library | Shelving location | Date acquired | Source of acquisition | Cost, normal purchase price | Total Checkouts | Full call number | Barcode | Date last seen | Cost, replacement price | Price effective from | Koha item type |
|---|---|---|---|---|---|---|---|---|---|---|---|---|---|---|---|---|---|
| Dewey Decimal Classification | IIA Library-Bangalore | IIA Library-Bangalore | General Stacks | 18/08/2025 | 7 | 6581.54 | 523.64 /THO | 20718 | 18/08/2025 | 6581.54 | 18/08/2025 | Books |